Pays du monde - Mort subite - Niveau facile - Statistiques

Statistiques générales
  • Ce quiz a été pris 1 197 fois
  • Le résultat moyen est 18 sur 23
Answers on the Grid
Answers color-coded by a green-red scale on the quiz's grid according to % correct below.
France
Ouganda
Yémen
Dubaï
Suriname
Qatar
Le Caire
Djibouti
Angers
Japon
Busan
Népal
Colombie
Roumanie
Turquie
Samoa
La Réunion
Pretoria
Océanie
Bolivie
Wakanda
Tunisie
Milan
Zambie
Pakistan
Soudan
Syrie
Pérou
Ontario
Indonésie
Alaska
Rwanda
Pologne
Kenya
Californie
 
Statistiques - réponses
Réponse % Correct
France
99%
Ouganda
88%
Yémen
88%
Qatar
86%
Japon
83%
Turquie
81%
Colombie
80%
Népal
80%
Roumanie
80%
Suriname
78%
Bolivie
76%
Tunisie
75%
Djibouti
74%
Syrie
74%
Kenya
73%
Pakistan
73%
Pologne
73%
Soudan
73%
Pérou
72%
Zambie
72%
Indonésie
71%
Rwanda
71%
Samoa
66%
Aucun quiz correspondant
Distribution des résultats
% des personnes avec chaque résultat
Percentile par nombre de réponses
Votre historique - résultats
Vous n’avez pas pris ce quiz